[Event "EU-chT (Men) 10th"]
[Site "Debrecen"]
[Date "1992.11.??"]
[Round "1.2"]
[White "Pinter, Jozsef"]
[Black "Norri, Joose"]
[Result "1/2-1/2"]
[WhiteElo "2580"]
[BlackElo "2395"]
[Annotator "Bulletin"]
[PlyCount "116"]
[EventDate "1992.11.20"]
[EventType "team-swiss"]
[EventRounds "9"]
[EventCountry "HUN"]
[SourceTitle "EU-chT"]
[Source "ChessBase"]
[SourceDate "1999.07.01"]
[SourceVersion "2"]
[SourceVersionDate "1999.07.01"]
[SourceQuality "1"]
[WhiteTeam "Hungary II"]
[BlackTeam "Finland"]
[WhiteTeamCountry "HUN"]
[BlackTeamCountry "FIN"]

1. d4 f5 2. g3 Nf6 3. Bg2 g6 4. Nf3 Bg7 5. O-O O-O 6. c4 d6 7. Nc3 Qe8 8. Nd5
Nxd5 9. cxd5 Qb5 10. Ng5 Na6 $5 (10... Qb6) (10... c6) 11. h4 c5 12. dxc5 (12.
dxc6 $1 bxc6 13. a4 (13. Rb1 $5 {Pinter,J}) 13... Qb6 14. d5 c5 15. h5 $5 $14)
12... Nxc5 13. Rb1 Bd7 14. Be3 Qc4 $6 (14... Rac8 $5) 15. b3 Qb4 16. Rc1 Rac8
17. Rc4 Qa3 18. Qd2 $14 b5 19. Rc2 Na6 20. Rxc8 Rxc8 21. Bxa7 Nb4 22. Bd4 h6
23. Bxg7 Kxg7 24. Qd4+ Kg8 25. Nh3 Nc2 26. Qd3 Qxa2 27. Nf4 Kg7 28. g4 Qb2 29.
gxf5 Bxf5 30. e4 Qe5 31. Ne2 Bd7 32. Qd2 Bg4 33. f3 Bd7 34. Rc1 Nd4 35. Rxc8
Nxe2+ 36. Qxe2 Bxc8 37. Qxb5 Qd4+ 38. Kh1 Qf2 39. Qb4 Qxh4+ 40. Kg1 Bh3 41.
Qd4+ Kf7 42. Qf2 Qxf2+ 43. Kxf2 Bxg2 44. Kxg2 Ke8 45. f4 Kd7 46. Kg3 Kc7 47.
Kg4 Kb6 48. f5 gxf5+ 49. Kxf5 Kc5 50. Ke6 h5 51. Kxe7 h4 52. e5 h3 53. exd6 h2
54. d7 h1=Q 55. b4+ Kxb4 56. d8=Q Qh4+ 57. Kd7 Qxd8+ 58. Kxd8 Kc5 1/2-1/2

[Event "Hoogovens"]
[Site "Wijk aan Zee"]
[Date "1984.01.25"]
[Round "10"]
[White "Van der Sterren, Paul"]
[Black "Beliavsky, Alexander G"]
[Result "0-1"]
[WhiteElo "2475"]
[BlackElo "2565"]
[Annotator "Bulletin"]
[PlyCount "88"]
[EventDate "1984.01.13"]
[EventType "tourn"]
[EventRounds "13"]
[EventCountry "NED"]
[EventCategory "13"]
[SourceTitle "MCL"]
[Source "ChessBase"]
[SourceDate "1999.07.01"]
[SourceVersion "1"]
[SourceVersionDate "1999.07.01"]
[SourceQuality "1"]

1. d4 f5 2. g3 Nf6 3. Bg2 g6 4. Nf3 d6 5. O-O Bg7 6. c4 O-O 7. Nc3 Qe8 8. d5
Na6 9. Nd4 Bd7 10. e4 fxe4 11. Nxe4 Nxe4 12. Bxe4 Nc5 13. Bg2 a5 14. Bg5 (14.
Be3 {P d2, h6, ae1}) 14... Qf7 15. Qd2 Bxd4 $5 16. Qxd4 e5 $1 17. Qc3 Qf5 18.
f4 e4 19. Rfe1 b5 20. b3 b4 21. Qd4 a4 22. Bxe4 Qf7 $1 23. Bc2 Rfe8 24. bxa4 $6
(24. Bh6) 24... Bxa4 25. Bxa4 Nxa4 26. Bh6 $5 (26. Rxe8+ Rxe8 27. Qd2 Nc3 28.
Re1 Rxe1+ 29. Qxe1 Nxa2 30. Qb1) 26... Nc5 27. Kf1 $5 (27. Rab1 Re7 $1 (27...
Rxa2 28. Rxe8+) (27... Rxe1+ 28. Rxe1 Rxa2 29. Re8+) 28. Kf1 (28. Bg5 Rxe1+ (
28... Ree8 29. Bh6 $10) 29. Rxe1 Rxa2 30. Re7 $18) 28... Rxa2 (28... Rae8 $1
$13) 29. Rxe7 Qxe7 30. Re1 $1 $18) 27... g5 28. Bxg5 $2 (28. Rxe8+ $1 Rxe8 29.
Re1 Rxe1+ 30. Kxe1 gxf4 $1 (30... g4 31. Qe3 $18) (30... Qg6 31. fxg5 Qb1+ 32.
Ke2 Qxa2+ 33. Kf3 Qb3+ 34. Kg4 Qc3 35. Qf4 $18) 31. Bxf4 $1 Qh5 32. Qe3 $1 Qxh2
33. Qe8+ Kg7 34. Qe7+ Kg6 (34... Kg8 35. Qd8+) 35. Qg5+ $10) 28... Qh5 $17 29.
Kg1 Rxe1+ 30. Rxe1 Rxa2 31. h4 Re2 $1 32. Qd1 Rxe1+ 33. Qxe1 b3 34. f5 Nd7 $1
35. Qe6+ Qf7 36. Qe3 h6 $3 $19 37. Bxh6 b2 38. Qb3 Qf6 39. Be3 Qe5 40. Kh2 (40.
Bf2 Nb6 41. Bxb6 Qe1+) 40... b1=Q 41. Qxb1 Qxe3 42. Qb2 Kf7 43. h5 Nf6 44. Qb8
Qf2+ 0-1

[Event "American Continental 8th"]
[Site "Mar del Plata"]
[Date "2012.10.16"]
[Round "6"]
[White "Leitao, Rafael Duailibe"]
[Black "Tristan, Leonardo"]
[Result "1-0"]
[WhiteElo "2617"]
[BlackElo "2442"]
[Annotator "CB"]
[PlyCount "63"]
[EventDate "2012.10.12"]
[EventType "swiss"]
[EventRounds "11"]
[EventCountry "ARG"]
[SourceTitle "EXT 2013"]
[Source "ChessBase"]
[SourceDate "2012.11.22"]
[SourceVersion "1"]
[SourceVersionDate "2012.11.22"]
[SourceQuality "1"]

{En esta sexta ronda resulto interesante la victoria del GM brasileno Rafael
Leitao, cuarto preclasificado del torneo, frente al joven MI argentino
Leonardo Tristan.} 1. d4 f5 2. g3 Nf6 3. Bg2 d6 4. Nf3 g6 5. O-O Bg7 6. b3 {
El dole fianchetto es una solucion util en muchas aperturas distintas, en este
caso Rafael lo utiliza ante la Holandesa Leningrado planteada por Leonardo.}
O-O 7. Bb2 Ne4 $6 {Este plan no parece muy preciso, ya veremos por que.} 8.
Nbd2 Nxd2 9. Qxd2 {Hagamos un pequeno ejercicio, volvamos a la situacion
anterior a la septima jugada de las negras para hacer una comparacion. Miremos
ahora la posicion actual. Notemos que en sus ultimos dos movimientos, las
negras no han hecho ninguna jugada, solo han sacado del tablero a su caballo
de f6, una pieza que ya se hallaba desarrollada. Entretanto las blancas han
quitado del tablero su caballo de b1, una pieza que NO estaba desarrollada.
Ademas, si han hecho un movimiento util, la jugada Dd2. Es decir, el segundo
jugador perdio dos tiempos con su maniobra Ce4-Cxd2.} Nc6 10. c4 e5 11. dxe5 {
Leitao tiene preferencias por las posiciones solidas y las pequenas ventajas
sin compensacion del rival, por eso elige esta jugada. Lo mas incisivo era:} (
11. d5 {Seguido de Cg5, explotando el punto fuerte e6.}) 11... dxe5 12. Qd5+
Kh8 13. Qc5 $1 {Ahora el peon de e5 esta bajo fuego y en caso de ser avanzado
las negras tendran debilitado su flanco rey.} e4 {De todas m aneras la mejor
opcion, si bien el blanco esta algo mejor, tiene dificultades para la entrada
en accion de su alfil de g2, lo que da a las negras esperanzas de igualar el
juego.} 14. Rad1 Bxb2 $2 {Demasiado impetu juvenil. La desventaja no era grave
y este sacrificio de dama no esta justificado, ya que las piezas del ala dama
negro tardaran en ponerse en marcha.} 15. Rxd8 Rxd8 16. Ng5 Bd4 17. Qa3 Kg7 18.
Nh3 Be5 19. Nf4 Rd2 20. b4 $1 {Se amenaza b5 y entrar con la dama en e7.} a5
21. b5 Nb4 22. Qe3 $1 {Al no estar las piezas negras adecuadamente coordinadas,
la dama encuentra huecos para penetrar la posicion enemiga.} Rd4 ({Esto es
perdedor, pero es interesante como hubieran ganado las blancas en caso de:} 
22... Rxa2 23. Qc5 $1 Bd6 24. Qd4+ Kg8 25. c5 $1 Bxf4 26. Qd8+ $1 Kg7 27. gxf4
{Con facil victoria.}) 23. a3 Rxc4 {El ultimo intento, dejar pasado el peon a.
De todos modos perdian todas, por ejemplo:} (23... Na2 24. f3 Rxc4 25. Qb3) ({
O tambien:} 23... Nc2 24. Qc3) 24. axb4 a4 25. Qa3 Rc2 26. b6 cxb6 27. Re1 g5
28. Nd5 Be6 29. b5 $1 {La entrada de la dama sobre el rey adversario define.}
Bb2 30. Qe7+ Bf7 31. Qxg5+ Kh8 32. Nxb6 1-0

[Event "Nikolaev zt"]
[Site "Nikolaev"]
[Date "1993.??.??"]
[Round "?"]
[White "Borovikov, Vladislav"]
[Black "Maksimenko, Andrei"]
[Result "1-0"]
[WhiteElo "2385"]
[BlackElo "2435"]
[Annotator "Chekhov,V"]
[PlyCount "59"]
[EventDate "1993.03.??"]
[EventType "swiss"]
[EventRounds "11"]
[EventCountry "RUS"]
[SourceTitle "CBM 035"]
[Source "ChessBase"]
[SourceDate "1993.08.01"]
[SourceVersion "1"]
[SourceVersionDate "1993.08.01"]
[SourceQuality "1"]

1. d4 f5 2. Nf3 Nf6 3. g3 g6 4. Bg2 Bg7 5. O-O O-O 6. b3 d6 7. Bb2 Qe8 8. Nbd2
Na6 9. c4 e5 (9... c6 10. Qc2 $14) (9... h6 10. Qc2 $14 {/\ e4}) 10. dxe5 Ng4
11. Ba3 (11. Qc2 dxe5 (11... Nxe5 12. Nxe5 dxe5 $13 {Vyzmanavin}) 12. e4 f4 (
12... Nb4 13. Qc3 Nc6 14. exf5 gxf5 15. Rfe1 Bf6 $1 $13 {Nikolaev-Glek/Moscow/
1992/}) 13. c5 $1 fxg3 14. hxg3 Qb5 $1 {Belov-Goldin/Moscow/1992/} 15. a4 Qxc5
16. Qxc5 Nxc5 17. Ba3 b6 18. Bxc5 bxc5 19. Rac1 $14) 11... Nxe5 12. Nxe5 (12.
Rc1 Nc5 (12... Nc6 $6 13. Nb1 $1 Nc5 14. Nc3 Ne4 15. Nd5 Rf7 16. Nd2 $14 {
Hertneck-Karol/Kecskemet/1990/}) 13. Nxe5 Qxe5 14. Nf3 Qe7 15. e3 a5 16. Qc2
Bd7 17. Nd4 Ne4 $10 {Belov-Vyzmanavin/Moscow/1992/}) 12... Qxe5 13. Rb1 $1 $146
{/\ b4,Bb2} Nc5 $6 (13... Qe7 $5 14. b4 (14. e3 Nc5 15. b4 Ne4) 14... f4 15.
Rb3 $14) (13... f4 14. Bb2 Qe7 15. Bxg7 Qxg7 16. b4 $14) 14. b4 $1 Nd7 (14...
Ne4 $2 15. Nxe4 fxe4 16. Bb2 Qe7 17. Bxg7 Kxg7 18. Qd4+ $16) (14... Ne6 15. Bb2
$16) (14... Na6 15. e3 $16) 15. c5 $1 $16 dxc5 (15... d5 16. Nf3 Qe6 17. Ng5
$18) 16. bxc5 {/\ c6} c6 17. Nc4 Qe7 18. Qa4 $5 (18. Nd6 Nf6 19. Qb3+ Kh8 (
19... Be6 20. Qxb7 Qxb7 21. Rxb7 $18) 20. Nxc8 Raxc8 21. Qxb7 Qxe2 $132) 18...
Qxe2 (18... Nxc5 $2 19. Qa5 b6 20. Nxb6 $18) (18... Nf6 19. Nb6 Rb8 20. Qxa7
Be6 $16) 19. Qb3 Qe6 20. Rfe1 Qf7 21. Qc2 Nf6 22. Nd6 Qc7 23. Re2 Kh8 24. Rbe1
f4 $6 (24... Ng8 25. Ne8 Qf7 26. Bb2 Nf6 27. Nxg7 $1 $18) 25. Re7 $18 Qa5 26.
Bb2 fxg3 27. hxg3 Bf5 (27... Qxa2 28. Rxg7 $18) 28. Qc4 h5 29. Nf7+ Kg8 (29...
Kh7 30. Bxf6 Bxf6 31. Ng5+ $18) 30. Bxf6 (30. Bxf6 Bxf6 31. Ng5+ Kh8 32. Rh7#)
1-0

[Event "Groningen PCA"]
[Site "Groningen"]
[Date "1993.??.??"]
[Round "5"]
[White "Nikolic, Predrag"]
[Black "Malaniuk, Vladimir P"]
[Result "1-0"]
[WhiteElo "2625"]
[BlackElo "2635"]
[Annotator "ChessBase"]
[PlyCount "97"]
[EventDate "1993.12.??"]
[EventType "swiss"]
[EventRounds "11"]
[EventCountry "NED"]
[SourceTitle "CBM 039"]
[Source "ChessBase"]
[SourceDate "1994.04.01"]
[SourceVersion "1"]
[SourceVersionDate "1994.04.01"]
[SourceQuality "1"]

1. d4 f5 2. g3 Nf6 3. Bg2 d6 4. Nf3 g6 5. O-O Bg7 6. c4 O-O 7. Nc3 Qe8 8. d5 a5
9. Ne1 $5 $146 (9. Be3 h6 10. Nb5 $1 Qd8 (10... Na6 11. Qd2 Ne4 12. Qxa5 Bxb2
13. Bxh6 $16) 11. Nfd4 Kh7 (11... Na6 12. Qd2 Ng4 13. Qxa5 Nxe3 14. fxe3 Bd7
15. Qd2 $16) 12. c5 $5 dxc5 13. Ne6 Bxe6 14. dxe6 Nc6 15. Bxc5 $16 {Pisulinski,
J-Rublevsky,S/RUS/1992/1:0 (39) Inf 54/89/}) (9. Nd4 Na6 10. e4 fxe4 11. Nxe4
Nxe4 12. Bxe4 Bh3 13. Re1 Nc5 14. Bh1 $1 Qf7 15. Be3 e5 $5 16. dxe6 Nxe6 17.
Qd2 $14 {Otero,E Valdes,L/CUB/1992/ Inf 56/103/}) (9. Rb1 Na6 10. b3 h6 $6 (
10... Bd7 $5 {Meulders/}) 11. Bb2 Bd7 12. Nd4 Nc5 13. a3 c6 14. b4 axb4 15.
axb4 Nce4 16. Nxe4 fxe4 $2 (16... Nxe4 $14) 17. Nc2 $1 $16 {Van Der Sterren,
P-Meulders,R/NED/1992/ Inf 56/103/}) 9... Na6 10. Nd3 e5 (10... Bd7 11. Re1 c6
12. e4 fxe4 13. Nxe4 Nxe4 14. Bxe4 $14) (10... Bd7 11. Rb1 $5 {/\b3,Bb2/}) 11.
dxe6 c6 (11... Qxe6 12. Nd5 $14) 12. Na4 $1 Bxe6 13. Nb6 Rb8 14. Bd2 (14. Nf4
$5) 14... Nd7 15. Nxd7 Qxd7 16. Qc2 $14 Qc7 17. Bf4 b6 18. Rad1 Rfd8 19. Rd2
Nb4 $6 (19... Nc5 $5 20. Rfd1 Bf8 $14) 20. Nxb4 axb4 21. Rfd1 Be5 $2 (21... Bf8
22. b3 Rd7 23. Rd3 Rbd8 24. Qd2 c5 25. Bd5 Bxd5 26. Rxd5 $16) 22. Bxe5 dxe5 23.
Rxd8+ Rxd8 24. Rxd8+ Qxd8 25. Bxc6 $18 Qc7 26. Bb5 Qd6 27. Qd3 Qc5 (27... Qc7
28. Qd2 Qc5 29. b3) 28. e3 Kf7 29. Qd8 Kg7 (29... Bxc4 30. Bxc4+ (30. Qe8+ Kf6
31. Qh8+ $18) 30... Qxc4 31. Qxb6 Qc1+ $10) 30. h4 h6 (30... Bxc4 31. Bxc4 Qxc4
32. Qe7+ Kh6 (32... Kg8 33. Qe8+ Kg7 34. Qxe5+ $18) 33. Qxe5 Qxa2 34. Qf4+ Kg7
35. Qxb4 $18) 31. b3 Bf7 (31... Kh7 32. Qf6) 32. Qd7 Kf6 33. Ba6 f4 34. Qd8+
Kg7 35. gxf4 exf4 36. exf4 $1 (36. Qd4+ $2 Qxd4 37. exd4 Kf6 $14) 36... Qf5 37.
Qd4+ Kh7 38. Bb7 Qb1+ (38... Qg4+ 39. Kf1 Qxh4 40. Qxb6 Qxf4 41. Qxb4 Qc1+ 42.
Qe1 $18) 39. Kg2 Qxa2 40. Qd7 Kg8 41. Bd5 Bxd5+ 42. Qxd5+ Kg7 43. Qd7+ Kf6 44.
Qd6+ Kf5 (44... Kf7 45. Qxb4 Qe2 46. Qc3 Qg4+ 47. Qg3 $18) 45. Qe5+ Kg4 46. Qe4
$1 (46. Qe4 Kxh4 47. Qf3 $18) 46... Qxb3 47. f5+ Kh5 48. f3 Qb2+ (48... gxf5
49. Qxf5+ Kxh4 50. Qg4#) 49. Kg3 $18 1-0

[Event "FRA-chT"]
[Site "France"]
[Date "1998.02.07"]
[Round "2"]
[White "Solozhenkin, Evgeniy"]
[Black "Szabolcsi, Janos"]
[Result "1-0"]
[WhiteElo "2500"]
[BlackElo "2390"]
[Annotator "ChessBase"]
[PlyCount "63"]
[EventDate "1998.02.06"]
[EventType "team"]
[EventRounds "11"]
[EventCountry "FRA"]
[SourceTitle "CBM 064 Extra"]
[Source "ChessBase"]
[SourceDate "1998.07.07"]
[SourceVersion "1"]
[SourceVersionDate "1998.07.07"]
[SourceQuality "1"]

1. d4 f5 2. g3 Nf6 3. Bg2 g6 4. Nf3 Bg7 5. O-O O-O 6. c4 c6 7. Nc3 Ne4 8. Qc2
d5 9. Bf4 Be6 10. Rfd1 $1 $146 (10. Be5 {Touzan-Szabolcsi FRA-chT/1996/} Bh6)
10... h6 (10... Nxc3 11. Qxc3 dxc4 12. Ng5 Bd5 13. Bxd5+ Qxd5 14. Qe3 $16) (
10... Nd7 11. Nxe4 fxe4 12. Ng5 Bf5 13. cxd5 cxd5 14. Qb3 $18) 11. cxd5 cxd5
12. Nb5 Na6 13. Qb3 $16 {><a6} Qb6 (13... Qa5 14. Rac1 $16 {/\15.Bc7}) 14. a4
Rfc8 15. a5 Qd8 16. Nc3 $1 b6 17. Qb5 Nxc3 18. bxc3 Nc7 19. Qc6 Bf7 20. axb6
Ne6 21. Bc7 $1 Nxc7 22. b7 $18 Be8 23. Qc5 a6 24. Ne5 Bxe5 25. dxe5 e6 26. c4
Bf7 27. Qd6 Ra7 28. bxc8=Q Qxc8 29. cxd5 Nb5 30. Qc6 Rc7 31. Qxa6 Nc3 32. d6
1-0

[Event "Belgrade GMA op"]
[Site "Belgrade"]
[Date "1988.??.??"]
[Round "?"]
[White "Cvetkovic, Srdjan"]
[Black "Legky, Nikolay A"]
[Result "1-0"]
[WhiteElo "2450"]
[BlackElo "2380"]
[Annotator "Cvetkovic"]
[PlyCount "75"]
[EventDate "1988.12.??"]
[EventType "swiss"]
[EventRounds "9"]
[EventCountry "YUG"]
[SourceTitle "TD"]
[Source "ChessBase"]
[SourceDate "1994.03.01"]
[SourceVersion "1"]
[SourceVersionDate "1994.03.01"]
[SourceQuality "1"]

1. c4 {Cvetkovic,S} f5 2. Nf3 Nf6 3. g3 g6 4. Bg2 Bg7 5. d4 O-O 6. O-O d6 7. d5
Na6 8. Nc3 Qe8 9. Rb1 c5 (9... Bd7) 10. dxc6 $1 (10. b3) 10... bxc6 11. b4 Rb8
(11... Bd7) 12. b5 Nc5 13. Nd4 cxb5 14. cxb5 Qf7 15. Nc6 Rb7 16. Be3 Nfe4 17.
Nxe4 Nxe4 18. Nxa7 Bd7 $2 (18... Qxa2 $8 19. Bxe4 fxe4 20. Nxc8 Rxc8 21. Rb4 $1
Qe6 (21... d5 $2 22. Ra4) 22. Qa4 d5 23. Rd1 $14) 19. a4 $1 d5 (19... Nc3 20.
Qd3 Rbb8 21. Rb4 $16) 20. a5 (20. Bxe4 fxe4 $132 {><f}) 20... Nc3 21. Qd2 (21.
Qd3 $2 f4 $1 {/\ Bf5}) 21... Nxb1 22. Rxb1 e6 23. a6 Rbb8 24. b6 Qe7 25. Qa2 g5
$1 $8 26. b7 f4 27. Bb6 Qd6 28. Qa5 fxg3 29. hxg3 Qe5 30. Nb5 Qxe2 31. a7 Qc2 (
31... Qd3 32. Rc1 Qxb5 33. axb8=Q $18) 32. Rf1 Qc6 33. axb8=Q Rxb8 34. Bc7 $1
Rxb7 35. Qa8+ Bf8 (35... Be8 36. Nd6 Rxc7 37. Qxe8+ Qxe8 38. Nxe8) 36. Bd6 Be8
37. Bxf8 Kxf8 (37... Rxb5 38. Qxc6 Bxc6 39. Bh6 g4 40. Rc1 $18) 38. Nd4 1-0

[Event "Dortmund op-A"]
[Site "Dortmund"]
[Date "1992.??.??"]
[Round "6"]
[White "Dautov, Rustem"]
[Black "Zysk, Robert"]
[Result "1-0"]
[WhiteElo "2610"]
[BlackElo "2390"]
[Annotator "Dautov,R"]
[PlyCount "71"]
[EventDate "1992.04.??"]
[EventType "swiss"]
[EventRounds "11"]
[EventCountry "GER"]
[SourceTitle "CBM 029"]
[Source "ChessBase"]
[SourceDate "1992.08.01"]
[SourceVersion "1"]
[SourceVersionDate "1992.08.01"]
[SourceQuality "1"]

1. d4 f5 2. g3 Nf6 3. Bg2 g6 4. Nf3 Bg7 5. O-O O-O 6. c4 d6 7. Nc3 e6 $5 8. b3
(8. Qc2 Nc6 9. Rd1 (9. d5 Nb4 10. Qb3 Na6 11. dxe6 Nc5 12. Qc2 Bxe6 13. b3 Kh8
$1 14. Bb2 c6 15. Rfd1 Qe7 16. Rac1 a5 $10) 9... Qe7 10. Rb1 (10. e4 fxe4 11.
Nxe4 e5 12. dxe5 Nxe4 13. Qxe4 dxe5 $10 {Podgaetz-Tal,SSSR(ch) 1969}) 10... a5
(10... e5 $2 11. dxe5 dxe5 12. Nd5 Nxd5 13. cxd5 Nd8 14. Be3 $16 {Filip}) 11.
a3 Nd8 12. e4 fxe4 13. Nxe4 Nxe4 14. Qxe4 Nf7 15. Bh3 Qf6 16. Bd2 d5 (16... e5
$5) 17. Qe2 dxc4 18. Bf4 Nd6 19. Ng5 $14 {Tal,M-Botvinnik,M Moskva(m) 1960})
8... Nc6 9. Bb2 (9. Ba3 $1 Ne4 10. Qd3 Nxc3 11. Qxc3 Bd7 (11... Rf7 $5 {/\e5})
12. Rad1 Rf7 13. Qd2 Qe7 14. d5 Nd8 15. Ng5 Bh6 16. h4 e5 17. f4 $1 exf4 18.
gxf4 Rf8 19. e4 fxe4 20. Rde1 Bf5 21. Bxe4 Qd7 22. Bxf5 Qxf5 23. Bb2 Qg4+ 24.
Qg2 Qxh4 25. Re3 Bxg5 26. Rh3 Qxf4 27. Rxf4 Bxf4 28. Qe4 $18 {Ionov,S-Zysk,R
Dortmund (op-A) 1992}) 9... Qe7 (9... e5 $5 10. dxe5 dxe5 11. e4 Qxd1 12. Raxd1
fxe4 13. Ng5 Bg4 14. Rde1 Nd4 15. Ncxe4 Nxe4 16. Nxe4 Rad8 17. h3 Bf5 18. Rb1
a5 19. Kh2 b6 20. Ba3 Rfe8 21. g4 Bc8 $10 {Ruban,V-Knezevic,M Anapa 1991}) 10.
d5 Ne4 $1 11. Qc1 (11. Rc1 $2 Nb4 12. a3 Na2 $1 $17) 11... Nxc3 (11... Nd8 12.
dxe6 Nxe6 $2 (12... Nxc3 13. Bxc3 Nxe6 {/\Nc5,a5=}) 13. Nd5 Qf7 14. e3 g5 15.
Qc2 $14 a5 16. a3 Bd7 17. Rad1 Rae8 18. Nd4 Nxd4 19. Bxd4 Bc6 20. b4 axb4 21.
axb4 b5 $2 22. Bxg7 Qxg7 23. Nxc7 $1 $18 {Lingnau,C-Zysk,R Dortmund op 1991})
12. Bxc3 Nd8 13. Bxg7 Qxg7 14. e4 e5 $8 15. exf5 gxf5 16. Qg5 $1 (16. c5 f4 17.
Nd2 Bf5 18. Ne4 Nf7 $15) 16... b6 (16... f4 17. Qxg7+ Kxg7 18. Rfc1 e4 $2 (
18... Nf7) 19. Nd2 f3 20. Bf1 Re8 21. Re1 Bf5 22. Nxf3 $18) 17. Qxg7+ Kxg7 18.
Nd2 {/\f4+/-} f4 19. b4 Nf7 20. c5 Ng5 21. Rfc1 $2 (21. h4 Nh3+ 22. Kh2 fxg3+
23. fxg3 Nf2 24. cxd6 cxd6 25. Rac1 $14) 21... dxc5 $1 22. bxc5 Nh3+ 23. Bxh3
Bxh3 $10 24. cxb6 cxb6 25. Rc7+ Rf7 26. d6 Raf8 $2 (26... Rxc7 27. dxc7 Rc8 28.
Rc1 Kf6 29. Ne4+ (29. Nf3 Bd7 $1 $10) 29... Ke7 30. Rc6 Bd7 $1 31. Rh6 Rxc7 32.
Rxh7+ Ke6 $10) 27. Rac1 $138 (27. Nc4 $142 $1 fxg3 28. fxg3 $1 Rxc7 29. dxc7
Be6 30. Nd6 $16) 27... Bf5 28. Nc4 (28. Nf3 Kf6 29. R1c6 Bd7 30. Rc3 Bg4 $10)
28... Kf6 29. Re1 fxg3 30. fxg3 $1 e4 31. Ne3 $2 (31. Rd1 $1 $14) 31... Bh3 32.
Nd5+ (32. Rd1 $10) 32... Ke5 33. Nf4 Bg4 34. h3 Bf3 $138 35. d7 Kd6 $4 (35...
Rd8 36. Rxa7 Rfxd7 37. Ra6 $10) 36. d8=Q+ 1-0

[Event "St Petersburg op"]
[Site "St Petersburg"]
[Date "1994.??.??"]
[Round "1"]
[White "Verdihanov, Vladislav"]
[Black "Malaniuk, Vladimir P"]
[Result "0-1"]
[WhiteElo "2420"]
[BlackElo "2595"]
[Annotator "Dautov,R"]
[PlyCount "100"]
[EventDate "1994.02.??"]
[EventType "swiss"]
[EventRounds "9"]
[EventCountry "RUS"]
[SourceTitle "CBM 041"]
[Source "ChessBase"]
[SourceDate "1994.08.01"]
[SourceVersion "1"]
[SourceVersionDate "1994.08.01"]
[SourceQuality "1"]

1. d4 f5 2. g3 Nf6 3. Bg2 g6 4. Nf3 Bg7 5. O-O O-O 6. c4 d6 7. Nc3 Qe8 8. b3
Na6 9. Ba3 (9. Bb2 $142) 9... h6 10. Rc1 c6 11. Qc2 (11. Qd3 {>=} g5 12. e4
fxe4 13. Nxe4 Qh5 14. Nxf6+ Rxf6 15. Nd2 Bf5 16. Ne4 Rf7 17. Qe3 Raf8 18. f3
Qg6 $10 19. Rcd1 Nc7 20. Bb2 Ne6 21. Ba1 Bxe4 22. Qxe4 Qxe4 23. fxe4 Rxf1+ 24.
Bxf1 c5 $15 {Skembris-Gausel/Skei/1993}) 11... g5 12. e4 $6 (12. e3 $142 $10)
12... fxe4 13. Nxe4 Qg6 $1 14. Nxf6+ (14. Rce1 Bf5 15. Nxf6+ $2 Bxf6 16. Qd2
Bd3 $17) (14. Rfe1 Bf5 15. Nxf6+ Qxf6 16. Qd1 Bg4 17. Re3 Bxf3 18. Rxf3 (18.
Bxf3 $2 g4 $19) 18... Qxd4 $19) 14... Qxf6 15. d5 (15. Rce1 Bg4 16. Nd2 Bf5 17.
Qc3 Rae8 18. Bb2 c5 19. Bxb7 cxd4 20. Qa5 Nc5 $17) (15. Bb2 $5 Bf5 (15... Nb4
16. Qd2) (15... Bg4 16. Nd2 Nb4 17. Ne4 Nxc2 18. Nxf6+ Rxf6 19. Rxc2 Bf3 $10)
16. Qd2 Be4 17. Ne1 Bxg2 18. Nxg2 c5 19. Rcd1 $10) 15... cxd5 16. cxd5 Bg4 17.
Nd2 Rac8 18. Ne4 (18. Qd3 Rxc1 19. Bxc1 Nb4 20. Qc4 Qd4 $1 (20... Nxa2 21. Qxg4
Nxc1 22. Ne4 Qf5 23. Qd1 $44) 21. a3 Nd3 $17) 18... Qd4 19. Qd2 Qxd2 20. Nxd2
Bd4 $15 {/\Be2} 21. Ne4 Bf5 22. h3 {/\g4} (22. Rxc8 Rxc8 23. Rc1 Rxc1+ 24. Bxc1
Nb4 25. a3 Nd3 26. Be3 Bxe3 27. fxe3 Ne1 $1 28. Nc3 Bc2 29. b4 Bd3 30. Kf2 Nc2
$17) 22... Bg6 $1 (22... Rxc1 23. Bxc1 Nb4 24. a3 Nd3 25. Be3 Bxe3 26. fxe3
Bxe4 27. Bxe4 Nc5 28. Rxf8+ Kxf8 29. Bc2 Kg7 30. Kf2 Kf6 31. Kf3 $132 {/\Kg4})
23. Rcd1 (23. g4 Rxc1 24. Bxc1 Nc5 $1 25. Nxc5 Bxc5 26. Be3 Bxe3 27. fxe3 Rc8
$17) 23... Bb6 24. Rd2 Rc7 25. Kh1 Ba5 $1 26. Rb2 (26. Re2 Nb4 27. Rd1 Rc2 28.
Rdd2 Rxd2 29. Rxd2 Rc8 $17) 26... Nb4 27. Bxb4 Bxb4 $17 {^^} 28. f4 Ba5 29. Re2
gxf4 30. Rxf4 Rxf4 31. gxf4 Bh5 $1 32. Rb2 Bb6 33. Kh2 Bd4 34. Rb1 $8 (34. Rd2
Be3 $19) 34... Rc2 35. Kg3 Bg6 36. Bf3 Rxa2 37. Rc1 Rb2 $19 38. Rc8+ Kf7 39.
Rc7 Rxb3 40. Nxd6+ Kf6 41. Nc4 Rc3 42. Kg2 Rc2+ 43. Kh1 Bd3 44. d6 exd6 45.
Nxd6 Rxc7 46. Ne8+ Kf5 47. Nxc7 b5 48. Nd5 a5 49. Kg2 Ke6 50. Kg3 b4 0-1